书目信息 |
| 题名: |
小喇叭的一家
|
|
| 作者: | 耿守忠 著 | |
| 分册: | ||
| 出版信息: | 北京 地质出版社 1982 |
|
| 页数: | 96页 | |
| 开本: | 19cm | |
| 丛书名: | ||
| 单 册: | ||
| 中图分类: | I287.55 , TN-49 | |
| 科图分类: | ||
| 主题词: | 儿童文学-科学故事--中国--现代 , 科学故事-儿童文学--中国--现代 , 无线电电子学 , 通信技术 | |
| 电子资源: | ||
| ISBN: | ||
| 000 | 00757nam0 2200289 45 | |
| 001 | 0182002603 | |
| 005 | 20040520143517.4 | |
| 010 | @dCNY0.30 | |
| 091 | @a10038.25 | |
| 100 | @a19950704d1982 cemy0chiy0121 ea | |
| 101 | 0 | @achi |
| 102 | @aCN@b110000 | |
| 105 | @ay z 000fy | |
| 106 | @ar | |
| 200 | 10 | @a小喇叭的一家@Axiao la ba de yi jia@f耿守忠著 |
| 210 | @a北京@c地质出版社@d1982 | |
| 215 | @a96页@d19cm | |
| 606 | @a儿童文学-科学故事@y中国@z现代 | |
| 606 | @a科学故事-儿童文学@y中国@z现代 | |
| 606 | 0 | @a无线电电子学 |
| 606 | 0 | @a通信技术 |
| 690 | @aI287.55@v3 | |
| 690 | @aTN-49 | |
| 701 | 0 | @a耿守忠@Ageng shou zhong@4著 |
| 801 | 0 | @aCN@b上海图书馆@c20040520 |
| 801 | 2 | @aCN@bNLC@c20040520 |
| 905 | @f2@b149341-342@dTN-49@e64 | |
| 小喇叭的一家/耿守忠著.-北京:地质出版社,1982 |
| 96页;19cm |
| ISBN :CNY0.30 |
| ● |
| 相关链接 |
|
|
|
|
正题名:小喇叭的一家
索取号:TN-49/64
 
预约/预借
| 序号 | 登录号 | 条形码 | 馆藏地/架位号 | 状态 | 备注 |
| 1 | 0149341 | 001347439 | 第三借阅区/ [索取号:TN-49/64] | 在馆 | |
| 2 | 0149342 | 001347475 | 第三借阅区/ [索取号:TN-49/64] | 在馆 | |
| 3 | 0149343 | 202107549 | 第二样本阅览室/ [索取号:TN-49/64] | 在馆 |